| 000 | 01355nac a22004570a 4500 | ||
|---|---|---|---|
| 001 | UByD001064 | ||
| 003 | AR-LpoUNG | ||
| 005 | 20240215174004.0 | ||
| 008 | 221023s2017||||ag |||||||||||||||||spa d | ||
| 020 | _a9789876302784 | ||
| 040 |
_aAR-LpoUNG _bspa _eaacr |
||
| 041 | _aspa | ||
| 044 | _aag | ||
| 082 | 0 | _a980.02 316rev | |
| 100 | 1 |
_aAlabart, Mónica _ecoord. |
|
| 245 | 1 | 4 | _aLas revoluciones de independencia hispanoamericanas a través de sus fuentes |
| 250 | _a1ra. ed. | ||
| 260 |
_aBuenos Aires : _bUniversidad Nacional de General Sarmiento, _c2017. |
||
| 300 |
_a192 p. : _btbls. |
||
| 490 | 0 |
_aLa universidad en la escuela. Fuentes comentadas de historia y filosofía ; _vno. 5 |
|
| 650 | 4 | _aAMERICA LATINA | |
| 650 | 4 | _aANALISIS HISTORICO | |
| 650 | 4 | _aINDEPENDENCIA | |
| 650 | 4 | _aREVOLUCION | |
| 650 | 4 | _aCOLONIALISMO | |
| 650 | 4 | _aCIENCIA POLITICA | |
| 650 | 4 | _aCONFLICTOS SOCIALES | |
| 650 | 4 | _aESPAÑA | |
| 650 | 4 | _aESTRUCTURA ECONOMICA | |
| 650 | 4 | _aESTRUCTURA SOCIAL | |
| 650 | 4 | _aREFORMA SOCIAL | |
| 650 | 4 | _aHISTORIA ECONOMICA | |
| 650 | 4 | _aHISTORIA POLITICA | |
| 650 | 4 | _aHISTORIA SOCIAL | |
| 700 | 1 |
_aZapiola, María Carolina _ecoord. |
|
| 700 | 1 | _aBressan, Raquel | |
| 700 | 1 | _aFernández, María Alejandra | |
| 700 | 1 | _aFiqueprón, Maximilliano | |
| 905 | _a28630 | ||
| 942 |
_cLIB _2ddc |
||
| 999 |
_c63682 _d63682 |
||